|
|
|
|
| LEADER |
00000cam a2200000 7i4500 |
| 001 |
0000003578 |
| 005 |
20070809.0 |
| 020 |
0 |
0 |
|a 0471331457
|
| 090 |
0 |
0 |
|a 634.9
|b INT
|
| 245 |
1 |
0 |
|a Introduction to forest ecosystem science and management
|c Raymond A. Young, Ronald L. Giese, editors.
|
| 250 |
0 |
0 |
|a 3rd ed.
|
| 260 |
0 |
0 |
|a Hoboken, NJ :
|b Wiley ,
|c c2003.
|
| 300 |
|
|
|a xvi, 560 p. :
|b ill. (some col.), maps (some col.) ;
|c 25 cm.
|
| 500 |
0 |
0 |
|a Rev. ed. of: Introduction to forest science. 2nd ed. 1990.
|
| 504 |
0 |
0 |
|a Includes bibliographical references and index.
|
| 650 |
0 |
0 |
|a Forest management.
|
| 650 |
0 |
0 |
|a Forests and forestry.
|
| 700 |
1 |
1 |
|a Giese, Ronald L.
|
| 700 |
1 |
1 |
|a Young, Raymond Allen, ,
|d 1945-
|
| 999 |
|
|
|a 0000006986
|b Monograph
|c Open Shelf
|e Default branch
|